| 000 | 01227nam a22003977a 4500 | ||
|---|---|---|---|
| 001 | 0041771 | ||
| 003 | KOHA_MİRAKIL | ||
| 005 | 20260207003247.0 | ||
| 007 | ta | ||
| 008 | 130730b2010 tu a|||gr||||#||||0|tur | | ||
| 020 | _a9789750405594 | ||
| 040 |
_aTR-BiSEU _btur _cTR-BiSEU _erda |
||
| 041 | 0 | _atur | |
| 044 | _ctu | ||
| 050 |
_aND868 _b.K37 2010 |
||
| 100 | 1 | _aKaraesmen, Erhan. | |
| 245 | 1 |
_aGözün ve kulağın düğünleri/ _cErhan Karaesmen ; Erhan Karaesmen. |
|
| 264 | 1 |
_aİstanbul : _bLiteratür _c2010 |
|
| 300 |
_axii, 339 sayfa : _bresimli ; _c24 cm |
||
| 336 |
_ametin _btxt _2rdacontent |
||
| 337 |
_aaracısız _bn _2rdamedia |
||
| 338 |
_acilt _bnc _2rdacarrier |
||
| 490 | 1 |
_aLiteratür Yayınları ; _v607 |
|
| 500 | _aDizin var. | ||
| 500 | _aKaynakça var. | ||
| 650 | 0 |
_aPainters. _977540 |
|
| 650 | 0 |
_aPainters--Turkey. _949068 |
|
| 650 | 0 |
_aPainting, Turkish--20th century. _977541 |
|
| 650 | 0 |
_aPainting--Turkey. _977542 |
|
| 650 | 0 |
_aPainting--Painters--History and Criticism. _977543 |
|
| 650 | 0 |
_aMusic. _914074 |
|
| 650 | 0 |
_aMusic--History and criticism. _928844 |
|
| 650 | 0 |
_aMusic--Turkey. _963331 |
|
| 830 | 1 |
_aLiteratür Yayınları ; _v607 _92203 |
|
| 942 |
_2lcc _cBK |
||
| 999 |
_c41617 _d41617 |
||